| 000 | 00421aam a22001811a 4500 | ||
|---|---|---|---|
| 001 | YPZ16172 | ||
| 003 | YPZ | ||
| 005 | 20190403132742.0 | ||
| 008 | 061011|###########||||||b||||||||||spa|d | ||
| 020 | _a8478400826 | ||
| 040 | _cSIUNPA | ||
| 044 | _aES | ||
| 080 | _a622 MIN | ||
| 100 | _aMinisterio de Industria, Comercio y Turismo. | ||
| 245 | _aMinería química | ||
| 260 |
_aMadrid _b : ITG _c , 1998 |
||
| 942 | _cBK | ||
| 999 |
_c15249 _d15249 |
||